Mechanics of materials (Record no. 6027)

000 -LEADER
fixed length control field 00600nam a2200229 i 4500
001 - CONTROL NUMBER
control field 6027
003 - CONTROL NUMBER IDENTIFIER
control field BD-DhUET
008 - FIXED-LENGTH DATA ELEMENTS--GENERAL INFORMATION
fixed length control field 770505s1978 nyua 001 0 eng
040 ## - CATALOGING SOURCE
Original cataloging agency DLC
Transcribing agency DLC
Modifying agency BD-DhUET
082 00 - DEWEY DECIMAL CLASSIFICATION NUMBER
Classification number 620.11
Item number HIG/1978
100 ## - MAIN ENTRY--PERSONAL NAME
Personal name Higdon, Archie
245 00 - TITLE STATEMENT
Title Mechanics of materials
250 ## - EDITION STATEMENT
Edition statement 3rd ed.
260 ## - PUBLICATION, DISTRIBUTION, ETC. (IMPRINT)
Place of publication, distribution, etc. New York
Name of publisher, distributor, etc. John Wiley and Sons
Date of publication, distribution, etc. 1978
300 ## - PHYSICAL DESCRIPTION
Extent xiv, 752 p.
Other physical details ill.
Dimensions 24 cm.
504 ## - BIBLIOGRAPHY, ETC. NOTE
Bibliography, etc Includes bibliographies
650 #0 - SUBJECT ADDED ENTRY--TOPICAL TERM
Topical term or geographic name as entry element Strength of materials
700 ## - ADDED ENTRY--PERSONAL NAME
Personal name Ohlsen, Wdward H.
700 ## - ADDED ENTRY--PERSONAL NAME
Personal name Stiles , William B.
700 ## - ADDED ENTRY--PERSONAL NAME
Personal name Weese, John A.
942 ## - ADDED ENTRY ELEMENTS (KOHA)
Koha item type General Book
Holdings
Koha date last borrowed Copy number Damaged status Date acquired Lost status Koha date last seen Koha renewals Source of classification or shelving scheme Koha normalized classification for sorting Koha issues (times borrowed) Piece designation (barcode) Withdrawn status Sublocation or collection (holding branch) Not for loan Koha collection Shelving location Location (home branch) Koha full call number Price effective from Koha item type
 7 2014-11-29 2014-11-29  620_110000000000000_HIG_1978 61731 Central Library, BUET  Circulation sectionCentral Library, BUET620.11/HIG/19782014-11-29General Book
 2 2014-12-02 2014-12-02  620_110000000000000_HIG_1978 61725 Central Library, BUET  Circulation sectionCentral Library, BUET620.11/HIG/19782014-12-02General Book
 3 2014-12-02 2014-12-02  620_110000000000000_HIG_1978 61733 Central Library, BUET  Circulation sectionCentral Library, BUET620.11/HIG/19782014-12-02General Book
2019-02-274 2014-12-02 2024-02-131 620_000000000000000_11HIG1978161727 Central Library, BUET  Circulation sectionCentral Library, BUET620.11/HIG/19782014-12-02General Book
 5 2014-12-02 2014-12-02  620_110000000000000_HIG_1978 61726 Central Library, BUET  Circulation sectionCentral Library, BUET620.11/HIG/19782014-12-02General Book
 6 2014-12-02 2014-12-02  620_000000000000000_11HIG1978 61728 Central Library, BUET  Circulation sectionCentral Library, BUET620.11/HIG/19782014-12-02General Book
 1 2014-12-02 2014-12-02  620_000000000000000_11HIG1978 61730 Central Library, BUET  Circulation sectionCentral Library, BUET620.11/HIG/19782014-12-02General Book
 8 2014-12-02 2014-12-02  620_000000000000000_11HIG1978 61732 Central Library, BUET  Circulation sectionCentral Library, BUET620.11/HIG/19782014-12-02General Book
 9 2015-01-10 2015-01-10  620_110000000000000_HIG_1978 61729 Central Library, BUET  Circulation sectionCentral Library, BUET620.11/HIG/19782015-01-10General Book
 10 2015-01-28 2015-01-28  620_110000000000000_HIG_1978 61734 Central Library, BUET Non FictionCirculation sectionCentral Library, BUET620.11/HIG/19782015-01-28General Book